000 00360nam a2200133Ia 4500
005 20260328101451.0
008 260328s9999||||xx |||||||||||||| ||und||
100 _aVega, Rafael
245 0 _aMás y mejores colegios para Bogotá /
_cRafael Vega
260 _bUniversidad Nacional de Colombia
300 _a504 p.
650 _aCOLEGIOS DE BOGOTA
942 _cBK
999 _c8674
_d8674